Truth on the tragedy of France / (Record no. 187200)
[ view plain ]
| 000 -LEADER | |
|---|---|
| fixed length control field | 01892 a2200193 4500 |
| 003 - CONTROL NUMBER IDENTIFIER | |
| control field | Nust |
| 005 - DATE AND TIME OF LATEST TRANSACTION | |
| control field | 20230131102149.0 |
| 010 ## - LIBRARY OF CONGRESS CONTROL NUMBER | |
| LC control number | a 41001801 |
| 040 ## - CATALOGING SOURCE | |
| Transcribing agency | Nust |
| 082 ## - DEWEY DECIMAL CLASSIFICATION NUMBER | |
| Classification number | 940.5344,BOI |
| 100 ## - MAIN ENTRY--PERSONAL NAME | |
| Personal name | Bois, Élie Joseph, |
| 9 (RLIN) | 108165 |
| 245 ## - TITLE STATEMENT | |
| Title | Truth on the tragedy of France / |
| Statement of responsibility, etc. | Elie J. Bois, Translated by N. Scarlyn Wilson |
| 260 ## - PUBLICATION, DISTRIBUTION, ETC. | |
| Place of publication, distribution, etc. | London, |
| Name of publisher, distributor, etc. | Hodder and Stoughton |
| Date of publication, distribution, etc. | 1940 |
| 300 ## - PHYSICAL DESCRIPTION | |
| Extent | 416 p |
| Other physical details | 19 cm |
| 505 ## - FORMATTED CONTENTS NOTE | |
| Formatted contents note | How and why (Page-23), Hitler Herald the War (Page-28), The Responsibility for the War (Page-35), Signor Mussolini’s Trap (Page-43), The Two Georges Bonnets (Page-55), Edouard Daladier and the Declaration of War (Page-68), M Daladier at Grips with Parth Passions (Page-78), The Condition of the French Navy,Army and Air Force in 1939 (Page-87), Hitler’s Plan of Attack on the Soul of France (Page-102), The Fifth Column at Work (Page-109), M Pierre Laval Makes Ready to Return (Page-136), An Unhealthy Winter (Page-153) Neither An Armistick Nor A Separate Peace (Page-168), Fall of M Daladier (Page-175), Dramatic Beginning of The Paul Reynaud Cabinet (Page-189) I Shall Win The War (Page-214), Paul Reynaud’s Evil Geniuses-A Woman (Page-236) Paul Reynaud’s Evil Geniuses-Paul Baudouin (Page-242), M Reynaud Against Gamelan (Page-258), May 10th 1940, Invasion of Holland and Belgium (Page-265), The Panic of May 16th (Page-274), Georges Mandel (Page-285), M Leger Is Hounded From Office (Page-293), General Weygand, Commander in Chief (Page-301), The Conspiracy Begins (Page-308), M Reynaud Expel M Daladier from his Government (Page-316), The Stab in The Back (Page-330), The Departure from Paris (Page-342), A Crucial Day (Page-353) Eve of Catastrophe (Page-363), The Tragedy Reaches its End (Page-377), Farewell (Page-388), Consummatum Est (Page-400). |
| 600 ## - SUBJECT ADDED ENTRY--PERSONAL NAME | |
| Personal name | Bois, Élie Joseph, |
| 9 (RLIN) | 108165 |
| 650 ## - SUBJECT ADDED ENTRY--TOPICAL TERM | |
| Topical term or geographic name entry element | France World War-II |
| 9 (RLIN) | 108166 |
| 942 ## - ADDED ENTRY ELEMENTS (KOHA) | |
| Source of classification or shelving scheme | |
| Koha item type | Book |
| Withdrawn status | Lost status | Source of classification or shelving scheme | Damaged status | Not for loan | Permanent Location | Current Location | Shelving location | Date acquired | Shelving control number | Full call number | Barcode | Date last seen | Price effective from | Koha item type | Public note |
|---|---|---|---|---|---|---|---|---|---|---|---|---|---|---|---|
| Military College of Signals (MCS) | Military College of Signals (MCS) | General Stacks | 12/12/2016 | History | 940.5344,BOI | MCS29285 | 12/08/2016 | 12/12/2016 | Book | Almirah No.60, Shelf No.2 |
